000 00497nam a2200169 4500
001 11085
005 20230410121051.0
008 060907n1995 dr spa
035 _9funglode11171
041 _aES
050 1 4 _aJL 959 R322 1995
111 _aInstituto Latinoamericano y del Caribe de Planificación Económica y Social
245 1 _aReforma y modernización del estado
260 _aSantigo de Chile :
_bCochrane Marinetti,
_c1995
300 _a475 p.
942 _2lcc
_cbk
999 _c57308
_d57308